000
00235 a2200109 4500
020
_a
9780764146619
041
_a
spa
100
_a
BRUZZONE, Catherine
245
_a
SPANISH ENGLISH PICTURE DICTIONARIO
942
_c
BK
952
_7
4
_x
ok
999
_c
25971
_d
25971